Notas de viajes: de Bogotá a la Patagonia y a Tierra del Fuego
Guardat en:
| Autor principal: | |
|---|---|
| Format: | Llibre |
| Idioma: | espanyol |
| Publicat: |
Bogotá
Arboleda
1917
|
| Matèries: | |
| Etiquetes: |
Afegir etiqueta
Sense etiquetes, Sigues el primer a etiquetar aquest registre!
|
MARC
| LEADER | 00000nam a2200000 a 4500 | ||
|---|---|---|---|
| 001 | UCP8342 | ||
| 003 | CL-VaPUC | ||
| 008 | 000114e19170000CK |||||||||||||||||spa|d | ||
| 082 | 0 | 4 | |a 918 |b REY |2 21 |
| 100 | 0 | |a Reyes, R |e author |9 438271 | |
| 245 | 1 | 0 | |a Notas de viajes: de Bogotá a la Patagonia y a Tierra del Fuego |
| 300 | |a 96 p | ||
| 942 | |c BK | ||
| 945 | |d 20000114 00:00:00 |a rherrera | ||
| 260 | |a Bogotá |b Arboleda |c 1917 | ||
| 650 | 0 | |a Geografía |9 259346 | |
| 650 | 0 | |a Viajes |9 257115 | |
| 650 | 7 | |a NOTAS |2 CL-VaPUC |9 438105 | |
| 651 | 0 | |a América del Sur |9 260128 | |
| 651 | 0 | |a Bogotá |9 323524 | |
| 651 | 0 | |a Tierra del Fuego |9 345728 | |
| 651 | 0 | |a Patagonia |9 269580 | |
| 583 | |a last modification |c 20000114 00:00:00 |k Rodrigo Vera | ||
| 999 | |c 285274 |d 285272 | ||
| 952 | |0 0 |1 0 |4 0 |6 918_000000000000000_REY_1917 |7 0 |8 X |9 329746 |a BIBHIS |b BIBHIS |d 2019-11-20 |i 1375709 |o 918 REY 1917 |p 1375709 |r 2024-01-30 |w 2019-11-20 |y BK_X |k HIS | ||